000 00952nam a2200277 a 4500
001 000003914
005 20240412074201.0
008 090715s2007 dr 001 0 spa d
020 _a9993479934
040 _aDO-SdBNP
_bspa
_cBNPHU
082 _aRD863.44
_bJ41o, 2007
100 1 _aJavier, Eulogio,
_d1963-
_911783
245 1 0 _aOdio a los espejos :
_b(cuentos) /
_cEulogio Javier ; prólogo Nan Chevalier.
250 _a2a ed.
260 _aSanto Domingo :
_bCentro Dominicano de Investigaciones Bibliográficas (CEDIBIL)
_bMediabyte,
_c2007.
300 _a87 p. ;
_c22 cm.
490 1 _aCedibil
_v27
490 1 _aCalímaco
_v25
_aNarrativa
_v6
590 _aInventariado, 2020 /LP
650 0 _aCuentos dominicanos
_9176
650 0 _aLiteratura dominicana.
_967
700 1 _aChevalier, Nan,
_d1965-
_epról.
_9350
830 0 _aCedibil
_v27
_911785
830 0 _aCalímaco
_v25
_pnarrativa
_n6
_911786
910 _aValidado. Control de calidad BNPHU.
999 _c3733
_d3733